UEFA Champions League/European Cup Royalty: Players - Statistics

General Stats
  • This quiz has been taken 24 times
  • The average score is 20 of 34
Answer Stats
Hint Answer % Correct
Bayern Munich (2013) Real Madrid (2016, 2017, 2018, 2022, 2024) Germany Toni Kroos
100%
Real Madrid (1956, 1957, 1958, 1959, 1960) Argentina/Colombia/Spain Alfredo Di Stefano
95%
Manchester United (2008) Real Madrid (2014, 2016, 2017, 2018) Portugal Cristiano Ronaldo
95%
Barcelona (2006, 2009, 2011, 2015) Argentina Lionel Messi
95%
Real Madrid (2014, 2016, 2017, 2018, 2022, 2024) Croatia Luka Modric
95%
Barcelona (2006, 2009, 2011, 2015) Spain Andres Iniesta
90%
Real Madrid (2014, 2016, 2017, 2018, 2022) Wales Gareth Bale
90%
Manchester United (2008) Barcelona (2009, 2011, 2015) Spain Gerard Pique
90%
Real Madrid (2014, 2016, 2017, 2018, 2022) Brazil Marcelo
90%
Milan (1989, 1990, 1994, 2003, 2007) Italy Paolo Maldini
90%
Real Madrid (2014, 2016, 2017, 2018, 2022) France Karim Benzema
85%
Real Madrid (2014, 2016, 2017, 2018) Spain Sergio Ramos
85%
Barcelona (2006, 2009, 2011, 2015) Spain Xavi
85%
Real Madrid (2014, 2016, 2017, 2018, 2022) Brazil Casemiro
80%
Real Madrid (2014, 2016, 2017, 2018, 2022, 2024) Spain Dani Carvajal
80%
Bayern Munich (2013, 2020) Real Madrid (2022, 2024) Austria David Alaba
80%
Ajax (1995) Real Madrid (1998) Milan (2003, 2007) Netherlands Clarence Seedorf
75%
Real Madrid (2014, 2016, 2017, 2018) France Raphael Varane
75%
Real Madrid (2014, 2016, 2017, 2018, 2022, 2024) Spain Nacho
70%
Real Madrid (2014, 2016, 2017, 2018, 2022) Spain Isco
65%
Real Madrid (2016, 2017, 2018, 2022, 2024) Spain Lucas Vazquez
55%
Real Madrid (2016, 2017, 2018) Chelsea (2021) Croatia Mateo Kovacic
55%
Milan (1989, 1990, 1994, 2003, 2007) Italy Alessandro Costacurta
40%
Real Madrid (1956, 1957, 1958, 1959, 1960) Spain Juan Alonso
35%
Real Madrid (1956, 1957, 1958, 1959, 1960, 1966) Spain Paco Gento
35%
Liverpool (1977, 1978, 1981, 1984) England Phil Neal
30%
Real Madrid (1957, 1958, 1959, 1960) Spain Enrique Mateos
10%
Real Madrid (1956, 1957, 1958, 1959, 1960) Spain Hector Rial
10%
Real Madrid (1956, 1957, 1958, 1959) Spain Joseito
10%
Real Madrid (1956, 1957, 1958, 1959, 1960) Spain Jose Maria Zarraga
10%
Real Madrid (1958, 1959, 1960, 1966) Uruguay/Spain Jose Santamaria
10%
Real Madrid (1957, 1958, 1959, 1960) Spain Juan Santisteban
10%
Real Madrid (1956, 1957, 1958, 1959, 1960) Spain Marquitos
10%
Real Madrid (1956, 1957, 1958, 1959, 1960) Spain Rafael Lesmes
10%
No matching quizzes found
Score Distribution
Percent of People with Each Score
Percentile by Number Answered
Your Score History
You have not taken this quiz